000 01010nam a2200265Ia 4500
003 OSt
005 20221005103549.0
006 a|||||r|||| 00| 0
007 ta
008 221004b |||||||| |||| 00| 0 hin d
020 _a9788177114843 (hbk)
_c400
024 _a23963
037 _b61, 30/12/2015, Mallika Books
_cTextual
040 _aCRL
_cCRL
_bhin
041 _2hin
_ahin
082 _aO15,1:g(Y15), 152Q5
100 _aराजोरा, यशमाया
245 0 _aभारतीय महाकाव्यों में महिलाओं की स्थिति
246 _aBhāratīya mahākāvyoan mean mahilāoan kī sthiti
260 _aजयपुर
_bसाहित्यागार भारत
_c2015
300 _a176पृ0
_ccm.
650 _aहिन्दी साहित्य
942 _hO15,1:g(Y15), 152Q5
_cTEXL
_2cc
999 _c1010296
_d1010296